The most well payed jobs around the world - Statistics

General Stats
  • This quiz has been taken 8 times
  • The average score is 1 of 9
Answer Stats
Salary Job % Correct
$381,500 per month Neurosurgeon
71%
annual salary is $104,219 Airline Pilot
43%
$24.33 per hour Translator
14%
$8,600 per month Web developer
14%
$22,165 per month Anesthesiologist
0%
$20,833 per month Dermatologist
0%
$40.17 per hour Mechanical Engineer
0%
$13,695 per month Petroleum Engineer
0%
$37.93 per hour Physical Therapist
0%
No matching quizzes found
Score Distribution
Percent of People with Each Score
Percentile by Number Answered
Your Score History
You have not taken this quiz